00449 2200181 4500001002100000005001500021008004100036035002000077082000800097084001400105100001700119245005400136250000600190260003400196300001100230650001400241990001200255INLIS00000000000023520240502023815240502 0 ind  a0010-0424000211 a600 a600 JOE b aFullman, Joe1 aBermain Sulap : Trik Koin dan Tali /cJoe Fullman a1 aSolo :bTiga Serangkai,c2009 a32 hlm 4aNon Fiksi a0732419